LEADER 01294nam a2200265 u 4500 001 000000061793 003 CaOOAMICUS 005 20070226121049.0 008 010913q1893 fr u000 u fre u 035 $a10902656 040 $aPUL(R)$bita 100 1 $aLelong, Stephanus Antonius Alfredus,$cvesc. di Nevers.$0(OLS)http://pul/name/42141 245 13$aLe bon pasteur :$bconférences sur les obligations de la charge pastorale /$cpar Mgr Lelong. 246 3 $aConférences sur les obligations de la charge pastorale 260 $aLyon :$bEmmanuel Vitte ;$aNevers :$bThomas-Ferrandier,$c[1893?] 300 $a510 p. ;$c25 cm 504 $aBibliografia in nota. 650 4$aMagistero ecclesiastico.$0(OLS)http://pul/subject/2042 850 $aPUL 852 $aPUL$W1$xDP1 Antico 800$y27$m40 C 1$j80455$nBK-PRI$b $qStampati Antico$B80455$CPULBib$Z2$F80455 $H $81 941 1 $a15 996 $6245$aLe bon pasteur :$bconférences sur les obligations de la charge pastorale$9(OLS)http://pul/title/82488 996 $6246$aConférences sur les obligations de la charge pastorale$9(OLS)http://pul/title/82489 996 $6260$aLyon :$bEmmanuel Vitte$9(OLS)http://pul/publisher/70180 996 $6260$aNevers :$bThomas-Ferrandier$9(OLS)http://pul/publisher/70181 LEADER 01381nam a2200337 a 4500 001 000000172650 003 CaOOAMICUS 005 20190912095200.0 008 190912s2015 it u001 u ita r 020 $a978-88-921-0248-4* 032 $aLibriCat 040 $aPUL$bita 082 04$a340.0135 100 1 $aViarengo, Gloria.$0(OLS)http://pul/name/89620 245 10$aStudi sulla tutela dei minori /$cGloria Viarengo. 260 $aTorino :$bG. Giappichelli,$c©2015. 300 $aVIII, 227 p. ;$c24 cm 490 1 $aCollectanea Grćco-Romana ;$v15 504 $aBibliografia alle p. [197]-212. 650 4$aMinori$xTutela$xDiritto romano.$0(OLS)http://pul/subject/46116 650 4$aDiritto romano privato.$0(OLS)http://pul/subject/988 830 0$aCollectanea Grćco-Romana ;$v15.$0(OLS)http://pul/title/175894 850 $aPUL 852 $aPUL$W1$xSL Diritto e Scienze Sociali 3$y79$m346. 0135 VIAGL 1$j196592$qDDC 21$B201363$CPULBib$Z2$F201363 $H133500 $82 941 1 $a9 960 $aDiritto privato romano$9988 996 $6020$a978-88-921-0248-4*$9(OLS)http://pul/number/166708 996 $6082$a340.0135$9(OLS)http://pul/classification/3236 996 $6245$aStudi sulla tutela dei minori$9(OLS)http://pul/title/213622 996 $6260$aTorino :$bG. Giappichelli$9(OLS)http://pul/publisher/49130